Características físico-mecánicas de los geotextiles

Gespeichert in:
Bibliographische Detailangaben
1. Verfasser: Quesada Díaz, Karla Vanessa
Format: Buch
Veröffentlicht: San José, C.R. 1998
Schlagworte:
Tags: Tag hinzufügen
Keine Tags, Fügen Sie den ersten Tag hinzu!

MARC

LEADER 00000nam a2200000Ia 4500
003 002751
005 20221231144224.0
008 140114s1998 cr a m 000 ||s d
040 |c cru CEDI 
090 |a TFG 3833 
100 |a Quesada Díaz, Karla Vanessa  |9 9063 
245 |a Características físico-mecánicas de los geotextiles 
260 |c 1998  |a  San José, C.R. 
300 |a  90 hojas : ilustraciones  
500 |a  Proyecto de graduación (licenciatura en ingeniería civil)--Universidad de Costa Rica. Facultad de Ingeniería. Escuela de Ingeniería Civil 
650 |x GEOTEXTILES   |x MATERIALES PARA CARRETERAS   |x CARRETERAS - MANTENIMIENTO Y REPARACION  |9 9064 
942 |c TFG 
999 |c 18658  |d 18658